| 000 | 01213nam a2200241Ii 4500 | ||
|---|---|---|---|
| 003 | JO-AjNU | ||
| 005 | 20240630110611.0 | ||
| 008 | 230605s9999||||xx |||||||||||||| ||und|| | ||
| 040 |
_aJO-AjNU _bara _erda _cJO-AjNU |
||
| 041 | _aara | ||
| 050 | 1 | 4 | _aLB2805.2022 |
| 100 | 1 |
_aالشبول، لبنى محمود _eمعد _965946 |
|
| 245 | 0 | 0 |
_aمستوى الذكاء العاطفي لدى معلمي غرف المصادر من وجهة نظرهم في محافظة اربد = The Level of Emotional Intelligence Among Resource Rooms Teachers from Their Point of View in Irbid Governorate / _cاعداد لبنى محمود الشبول؛ اشراف نايف علي وحشة |
| 264 | 3 | 1 | _a 2022 |
| 300 | _a95 ورقة | ||
| 336 |
_atext _btxt _2rdacontent |
||
| 337 |
_aunmediated _bn _2rdamedia |
||
| 338 |
_avolume _bnc _2rdacarrier |
||
| 500 | _aرسالة جامعية(اطروحة ماجستير) تخصص صعوبات التعلم/كلية العلوم التربوية، جامعة عجلون الوطنية، 2022 | ||
| 650 | 4 |
_aالذكاء العاطفي-التعليم-الادارة التربوية-الاردن _963316 |
|
| 700 | 1 |
_aوحشة، نايف علي _965933 _eمشرف |
|
| 942 |
_2lcc _cTHS |
||
| 999 |
_c32280 _d32280 |
||